| 000 | 00911nab a22002897a 4500 | ||
|---|---|---|---|
| 003 | BR-BrBNA | ||
| 005 | 20240814154445.0 | ||
| 008 | 240717b bl.||||| |||| 00| 0 por d | ||
| 040 |
_aBR-BrBNA _bpor |
||
| 072 |
_aF01 ; Q60 ; E71 _b0430 |
||
| 100 | _aMelo, Janete | ||
| 245 |
_aQualidade que faz a diferença _bOuro Branco |
||
| 500 | _a6 illus.; 1 table; 1 graph | ||
| 650 | _aCOTONICULTURA | ||
| 650 | _aALGODÃO | ||
| 650 | _aPLANTA TÊXTIL | ||
| 650 | _aPLUMA | ||
| 650 | _aFIBRA | ||
| 650 | _aQUALIDADE | ||
| 650 | _aPRODUÇÃO | ||
| 650 | _aBENEFICIAMENTO | ||
| 650 | _aEXPORTAÇÃO | ||
| 650 | _aOESTE DA BAHIA | ||
| 773 | 0 |
_04604 _9317191 _dPalmas - Tocantins Terranova Gráfica e Editora Jornalística Ltda 2005 _o2024-3815 _tCerrado Rural Agronegócios (Brazil) _x1980-2595 _gv. 4(20) p. 15-18; (Sep 2006) _wBR2024001969 |
|
| 942 | _cAnalítica | ||
| 999 |
_c300559 _d300559 |
||